| 000 | 01159cam a2200325 a 4500 | ||
|---|---|---|---|
| 999 |
_c530189 _d530189 |
||
| 001 | 15745575 | ||
| 003 | Nust | ||
| 005 | 20191014103426.0 | ||
| 008 | 090520s2010 fluabf b 001 0 eng | ||
| 010 | _a 2009020579 | ||
| 015 |
_aGBA969908 _2bnb |
||
| 016 | 7 |
_a015327212 _2Uk |
|
| 020 | _a9781439808924 (alk. paper) | ||
| 020 | _a1439808929 (alk. paper) | ||
| 035 | _a(OCoLC)ocn326688226 | ||
| 038 | _aMSOHAIL | ||
| 040 |
_aDLC _cDLC _dBTCTA _dC#P _dUKM _dDLC |
||
| 082 | 0 | 0 |
_a307.1216 BAU _222 |
| 100 | 1 |
_aBauer, Kurt W. _9807 |
|
| 245 | 1 | 0 |
_aCity planning for civil engineers, environmental engineers, and surveyors / _cKurt W. Bauer. |
| 260 |
_aBoca Raton : _bCRC Press, _cc2010. |
||
| 300 |
_axxi, 489 p., [4] p. of plates : _bill., maps (some col.) ; _c25 cm. |
||
| 500 | _aH.B | ||
| 504 | _aIncludes bibliographical references and index. | ||
| 650 | 0 |
_aCity planning. _9808 |
|
| 650 | 0 |
_aCivil engineering. _9809 |
|
| 906 |
_a7 _bcbc _corignew _d1 _eecip _f20 _gy-gencatlg |
||
| 942 |
_2ddc _cBK _k307.1216 BAU |
||